000 00781nas a2200253 4500
001 BR0503920
003 BR-BrBNA
005 20231205105625.0
007 ta
008 230509b bl.|||p| |||| 00| 00por d
040 _aBR-BrBNA
_bpor
_cBiblioteca Nacional de Agricultura
041 _a(Pt)
072 _aK10
100 1 _aSerrano, M.A. da S.
245 1 _aDispersão de Albizia lebbeck (L.)Benth em área urbana - Cuiabá, MT
650 _aALBIZZIA LESSECK
650 _aCORAÇÃO-DE-NEGRO
650 _aÁRVORE ANGIOSPERMA
650 _aDISPERSÃO DE SEMENTE
650 _aMATO GROSSO
773 0 _tRevista de Agricultura Tropical (Brazil)
_xISSN 1415-7497
_g(2000), v. 4(1) p. 112-117
_wBR0503920
909 _a202311
_bLúcia
_c55
_dLúcia Elande
942 _2AGRIS
_n0
_cANA
999 _c183826
_d183826